000
00327nam a2200145Ia 4500
008
150201s2014 xx 000 0 und d
082
_a
150
_b
P14A
100
_a
ANAND, N.K.
245
_a
PSYCHOLOGY FOR NURSES
250
_a
3RD
260
_b
AITBS
_a
DELHI
_c
2014
300
_a
245
650
_a
PSYCHOLOGY
942
_2
ddc
_c
BK
_0
3
999
_c
2230
_d
2230